000 00375nam a2200133Ia 4500
008 231129s2016||||xx |||||||||||||| ||spa||
020 _a978-958-59509-8-6
082 _a650.12 C614hom
100 _aClason George Samuel.
245 0 _aEl hombre más rico de Babilonia
260 _c2016
264 _aBogotá : Comcosur
942 _2ddc
_cBKS
999 _c11277
_d11277